[Event "Petroupoli ASOP Dias op"]
[Site "Petroupoli"]
[Date "2014.04.02"]
[Round "6.19"]
[White "Kagas, Konstantinos"]
[Black "Pahidis, Konstantinos"]
[Result "1/2-1/2"]
[WhiteElo "1979"]
[BlackElo "1732"]
[PlyCount "155"]
[EventDate "2014.02.26"]
[EventType "swiss"]
[EventRounds "7"]
[EventCountry "GRE"]
[SourceTitle "EXT 2024"]
[Source "ChessBase"]
[SourceDate "2023.10.10"]
[SourceVersion "1"]
[SourceVersionDate "2023.10.10"]
[SourceQuality "1"]

1. d4 d6 2. e4 Nd7 3. f4 e5 4. Nf3 exd4 5. Qxd4 Ngf6 6. Nbd2 Be7 7. Bc4 0-0 8. 0-0 d5 9. Nb3 dxc4 10. Qxc4 c6 11. h3 Nb6 12. Qe2 Be6 13. Rd1 Qc7 14. e5 Bc4 15. Qe1 Nfd5 16. Nbd4 Bc5 17. Kh2 Bxd4 18. Nxd4 Ne7 19. b3 Be6 20. c4 Nf5 21. Nf3 Rad8 22. Bb2 Rxd1 23. Rxd1 h5 24. Ng5 Rd8 25. Rxd8+ Qxd8 26. Qe2 Nh6 27. Ne4 Qh4 28. Bc1 Nc8 29. Ng5 Nf5 30. Qd3 g6 31. g3 Qxg3+ 32. Qxg3 Nxg3 33. Kxg3 Bf5 34. Nf3 c5 35. Bb2 Ne7 36. Nd2 Nc6 37. Bc3 Kf8 38. a3 a5 39. h4 b6 40. Kf3 Bc2 41. Ke3 Ke7 42. Ne4 Bxb3 43. Nd6 Ke6 44. Nc8 Bxc4 45. Nxb6 Bb3 46. Nc8 a4 47. Nd6 Ne7 48. Bd2 f6 49. Ke4 Bd5+ 50. Kd3 fxe5 51. fxe5 Kxe5 52. Nc4+ Bxc4+ 53. Kxc4 Nf5 54. Be1 Kd6 55. Kb5 Kd5 56. Kxa4 c4 57. Kb5 Nd4+ 58. Ka4 Nc2 59. Bc3 Ke4 60. Bb2 Kd3 61. Kb5 Nd4+ 62. Kb4 Nc2+ 63. Kb5 c3 64. Bc1 Nd4+ 65. Kb4 c2 66. a4 Ke2 67. Kc3 Kd1 68. Bh6 Nc6 69. Kc4 c1Q+ 70. Bxc1 Kxc1 71. Kb5 Nb8 72. a5 Kd2 73. Kb6 Ke3 74. Kc7 Na6+ 75. Kb6 Nb4 76. Kc5 Na6+ 77. Kb6 Nb8 78. Kc7 1/2-1/2

[Event "Petroupoli ASOP Dias op"]
[Site "Petroupoli"]
[Date "2014.03.05"]
[Round "2.21"]
[White "Spanos, Haralabos"]
[Black "Kagas, Konstantinos"]
[Result "0-1"]
[WhiteElo "1617"]
[BlackElo "1979"]
[PlyCount "66"]
[EventDate "2014.02.26"]
[EventType "swiss"]
[EventRounds "7"]
[EventCountry "GRE"]
[SourceTitle "EXT 2024"]
[Source "ChessBase"]
[SourceDate "2023.10.10"]
[SourceVersion "1"]
[SourceVersionDate "2023.10.10"]
[SourceQuality "1"]

1. d4 Nf6 2. c4 g6 3. Nc3 Bg7 4. e4 d6 5. f3 0-0 6. Be3 c6 7. Qd2 Re8 8. 0-0-0 a6 9. g4 b5 10. h4 h5 11. gxh5 Nxh5 12. Nge2 Qa5 13. a3 e5 14. Na2 Qxd2+ 15. Rxd2 exd4 16. Nxd4 d5 17. cxd5 cxd5 18. Rg1 dxe4 19. fxe4 Nd7 20. Be2 Ndf6 21. Nc3 Bb7 22. Nc2 Rac8 23. e5 Rxe5 24. Bd4 Rf5 25. Bxf6 Nxf6 26. Bd3 Rf3 27. Be2 Rh3 28. Rd4 Rh2 29. Rgd1 Rxc3 30. bxc3 Rxe2 31. Rd8+ Kh7 32. Rb8 Be4 33. Nb4 Bh6+ 0-1

[Event "Petroupoli op"]
[Site "Petroupoli"]
[Date "2013.10.23"]
[Round "5"]
[White "Delithanasis, Dimitrios"]
[Black "Kagas, Konstantinos"]
[Result "1-0"]
[WhiteElo "2114"]
[BlackElo "2009"]
[PlyCount "71"]
[EventDate "2013.09.25"]
[EventType "swiss"]
[EventRounds "7"]
[EventCountry "GRE"]
[SourceTitle "EXT 2014"]
[Source "ChessBase"]
[SourceDate "2013.11.20"]
[SourceVersion "1"]
[SourceVersionDate "2013.11.20"]
[SourceQuality "1"]

1. d4 d5 2. c4 e6 3. Nc3 c6 4. Nf3 f5 5. Bf4 Bd6 6. e3 Nf6 7. Ne5 Qe7 8. c5 Bxe5 9. Bxe5 Nbd7 10. Bd6 Qf7 11. Be2 Qg6 12. 0-0 h5 13. h4 Kf7 14. f3 Re8 15. e4 e5 16. exd5 Kg8 17. Bc4 Kh8 18. dxc6 bxc6 19. Re1 e4 20. fxe4 Nxe4 21. Nxe4 Rxe4 22. Rxe4 fxe4 23. Qa4 Nb6 24. Qxc6 Bh3 25. Bf1 Rc8 26. Qb7 Nc4 27. Kh1 Nxd6 28. Qa6 Bf5 29. Qxd6 Qg4 30. Qe7 e3 31. Qg5 Qxd4 32. Qxf5 Rxc5 33. Qf8+ Kh7 34. Bd3+ g6 35. Qf7+ Kh8 36. Qe8+ 1-0

[Event "Heraklio op 16th"]
[Site "Athens"]
[Date "2013.06.19"]
[Round "4"]
[White "Kourkoulos Arditis, Stamatis"]
[Black "Kagas, Konstantinos"]
[Result "1-0"]
[WhiteElo "2171"]
[BlackElo "2040"]
[PlyCount "120"]
[EventDate "2013.06.16"]
[EventType "swiss"]
[EventRounds "9"]
[EventCountry "GRE"]
[SourceTitle "CBM 155 Extra"]
[Source "ChessBase"]
[SourceDate "2013.08.26"]
[SourceVersion "1"]
[SourceVersionDate "2013.08.26"]
[SourceQuality "1"]

1. e4 b6 2. d4 Bb7 3. Bd3 e6 4. f4 f5 5. Qe2 fxe4 6. Bxe4 Bxe4 7. Qxe4 Nc6 8. Nf3 Nf6 9. Qe2 g6 10. 0-0 Bg7 11. g3 0-0 12. Nbd2 a5 13. Nc4 Nd5 14. Nce5 Nde7 15. c4 Qc8 16. Be3 d6 17. Nxc6 Nxc6 18. Bf2 Qd7 19. Rfe1 Rae8 20. Rad1 Qc8 21. Ng5 e5 22. Qe4 Nb4 23. d5 Qf5 24. Ne6 Rf7 25. Qxf5 gxf5 26. fxe5 Bxe5 27. a3 Na6 28. Bd4 Bxd4+ 29. Nxd4 Re4 30. Rxe4 fxe4 31. Ne6 e3 32. Rf1 e2 33. Re1 Re7 34. Kf2 c6 35. Nf4 Re4 36. b3 a4 37. Rxe2 Rxe2+ 38. Kxe2 cxd5 39. Nxd5 axb3 40. Kd2 Nc5 41. Nxb6 Kf7 42. Kc3 Ke6 43. a4 h5 44. a5 Kf5 45. Nc8 Ke6 46. Nb6 Ke5 47. h3 Ke6 48. g4 hxg4 49. hxg4 Ke5 50. g5 Ke6 51. Nc8 Kd7 52. Nb6+ Kc6 53. g6 Ne6 54. Kxb3 Kb7 55. Nd5 Ka6 56. Nc7+ Nxc7 57. g7 d5 58. g8Q dxc4+ 59. Qxc4+ Kb7 60. Qc5 Na8 1-0

[Event "Petroupoli ASOP Dias op"]
[Site "Petroupoli"]
[Date "2013.02.20"]
[Round "5.6"]
[White "Kagas, Konstantinos"]
[Black "Sienczewski, Zbigniew"]
[Result "0-1"]
[WhiteElo "2043"]
[BlackElo "2055"]
[PlyCount "112"]
[EventDate "2013.01.23"]
[EventType "swiss"]
[EventRounds "7"]
[EventCountry "GRE"]
[SourceTitle "EXT 2024"]
[Source "ChessBase"]
[SourceDate "2023.10.10"]
[SourceVersion "1"]
[SourceVersionDate "2023.10.10"]
[SourceQuality "1"]

1. e4 d6 2. b3 e5 3. c4 f5 4. Nc3 Nf6 5. d3 Nc6 6. Be2 Be7 7. Nf3 0-0 8. 0-0 h6 9. a3 Be6 10. Re1 Qd7 11. b4 g5 12. b5 Nd8 13. exf5 Bxf5 14. Nd2 Ne6 15. Nde4 Nf4 16. Bf1 Rae8 17. a4 Rf7 18. Bb2 Ref8 19. Ra2 c5 20. bxc6 bxc6 21. d4 Nxe4 22. Nxe4 d5 23. Nc5 Qc7 24. Na6 Qa5 25. cxd5 Qxd5 26. Ra1 exd4 27. Bxd4 Bd3 28. Be3 Bxf1 29. Qxd5 Nxd5 30. Rxf1 Nxe3 31. fxe3 Rxf1+ 32. Rxf1 Rxf1+ 33. Kxf1 Bd6 34. h3 Kf7 35. Ke2 Ke6 36. Kd3 Kd5 37. e4+ Ke5 38. g3 h5 39. Ke3 g4 40. hxg4 hxg4 41. Kd3 Ke6 42. Kd4 Bxg3 43. Nc5+ Kd6 44. Nd3 c5+ 45. Ke3 c4 46. Nb4 Be5 47. Nc2 Kc5 48. Ke2 Bf4 49. Kd1 c3 50. Ke2 Kc4 51. a5 a6 52. Kd1 Kb3 53. Ne1 g3 54. Ke2 c2 55. Nd3 c1Q 56. Nxc1+ Bxc1 0-1

[Event "Petroupoli ASOP Dias op"]
[Site "Petroupoli"]
[Date "2013.02.13"]
[Round "4.8"]
[White "Stavropoulos, Konstantinos"]
[Black "Kagas, Konstantinos"]
[Result "0-1"]
[WhiteElo "1638"]
[BlackElo "2043"]
[PlyCount "106"]
[EventDate "2013.01.23"]
[EventType "swiss"]
[EventRounds "7"]
[EventCountry "GRE"]
[SourceTitle "EXT 2024"]
[Source "ChessBase"]
[SourceDate "2023.10.10"]
[SourceVersion "1"]
[SourceVersionDate "2023.10.10"]
[SourceQuality "1"]

1. e4 c5 2. Nf3 d6 3. Bb5+ Bd7 4. Bxd7+ Qxd7 5. c4 Nc6 6. d4 cxd4 7. Nxd4 Nf6 8. Nc3 g6 9. f3 Bg7 10. Be3 0-0 11. 0-0 Rfc8 12. b3 Qc7 13. Rc1 a6 14. Nd5 Qd8 15. Rf2 Nxd5 16. cxd5 Nxd4 17. Rxc8 Rxc8 18. Bxd4 Bxd4 19. Qxd4 Rc1+ 20. Rf1 Qc7 21. Rxc1 Qxc1+ 22. Kf2 Qc2+ 23. Kg3 h5 24. h4 f6 25. Qb6 Qc8 26. Kf4 Kf7 27. g4 Qc1+ 28. Kg3 Qe1+ 29. Qf2 Qc1 30. gxh5 gxh5 31. Qg2 Qc3 32. Qh3 Qe5+ 33. Kg2 f5 34. Qg3 f4 35. Qf2 Qg7+ 36. Kf1 Qa1+ 37. Kg2 Kf6 38. Qc2 Ke5 39. Qc8 Qxa2+ 40. Kh3 Kd4 41. Qxb7 Ke3 42. Qxe7 Qa1 43. Kh2 Qb2+ 44. Kh3 Qc1 45. Kh2 Qd2+ 46. Kh1 Qe1+ 47. Kg2 Qf2+ 48. Kh1 Qxf3+ 49. Kh2 Qg3+ 50. Kh1 Qf3+ 51. Kh2 Kf2 52. Qa7+ Qe3 53. Qxe3+ fxe3 0-1

[Event "Petroupoli op 5th"]
[Site "Petroupoli"]
[Date "2012.09.15"]
[Round "3"]
[White "Kagas, Konstantinos"]
[Black "Alexiadis, Christos"]
[Result "1-0"]
[WhiteElo "2012"]
[BlackElo "1795"]
[PlyCount "51"]
[EventDate "2012.09.08"]
[EventType "swiss"]
[EventRounds "7"]
[EventCountry "GRE"]
[SourceTitle "CBM 150 Extra"]
[Source "ChessBase"]
[SourceDate "2012.10.19"]
[SourceVersion "1"]
[SourceVersionDate "2012.10.19"]
[SourceQuality "1"]

1. e4 c5 2. Nf3 d6 3. d3 a6 4. a4 Nc6 5. Nbd2 g6 6. g3 Bg7 7. c3 Bd7 8. Bg2 b5 9. 0-0 e6 10. axb5 axb5 11. Rxa8 Qxa8 12. e5 d5 13. Nb3 c4 14. Nc5 Nxe5 15. Nxe5 Bxe5 16. dxc4 bxc4 17. Re1 f6 18. f4 Bd6 19. Nxe6 Ne7 20. Bxd5 Qa7+ 21. Be3 Qb8 22. Bxc4 Qxb2 23. Qxd6 Qxc3 24. Nc7+ Kd8 25. Qxe7+ Kxc7 26. Qc5+ 1-0

[Event "Petroupoli op 4th"]
[Site "Petroupoli"]
[Date "2012.04.28"]
[Round "1"]
[White "Pavlis, Antonios"]
[Black "Kagas, Konstantinos"]
[Result "0-1"]
[WhiteElo "1761"]
[BlackElo "2024"]
[PlyCount "58"]
[EventDate "2012.04.28"]
[EventType "swiss"]
[EventRounds "7"]
[EventCountry "GRE"]
[SourceTitle "CBM 148 Extra"]
[Source "ChessBase"]
[SourceDate "2012.06.22"]
[SourceVersion "1"]
[SourceVersionDate "2012.06.22"]
[SourceQuality "1"]

1. e4 c5 2. Nf3 d6 3. d4 cxd4 4. Nxd4 Nf6 5. Nc3 Nc6 6. Bg5 Qa5 7. Bxf6 gxf6 8. Qd2 Nxd4 9. Qxd4 Bd7 10. Bc4 Rg8 11. 0-0-0 Rc8 12. f4 Rxg2 13. e5 fxe5 14. fxe5 Rg4 15. Bxf7+ Kxf7 16. e6+ Bxe6 17. Rhf1+ Kg8 18. Rg1 Rxg1 19. Rxg1+ Kf7 20. a3 Qc5 21. Rf1+ Bf5 22. Qh4 Kg8 23. Qg3+ Bg6 24. h4 Bg7 25. Rg1 Qf5 26. Qd3 Qxd3 27. cxd3 Bxc3 28. bxc3 Rxc3+ 29. Kb2 Rc5 0-1

[Event "Petroupoli op 3rd"]
[Site "Petroupoli"]
[Date "2012.03.31"]
[Round "7"]
[White "Kagas, Konstantinos"]
[Black "Kazanakis, Efstathios"]
[Result "1-0"]
[WhiteElo "2024"]
[BlackElo "1932"]
[PlyCount "115"]
[EventDate "2012.03.10"]
[EventType "swiss"]
[EventRounds "7"]
[EventCountry "GRE"]
[SourceTitle "CBM 147 Extra"]
[Source "ChessBase"]
[SourceDate "2012.04.24"]
[SourceVersion "1"]
[SourceVersionDate "2012.04.24"]
[SourceQuality "1"]

1. c4 e5 2. Nc3 Bb4 3. Qc2 a5 4. e3 Nf6 5. Nge2 c6 6. a3 Be7 7. d4 d6 8. b3 0-0 9. Bb2 Re8 10. dxe5 dxe5 11. Ng3 Nbd7 12. Be2 Nc5 13. 0-0 Bf8 14. Rab1 Qc7 15. Ba1 Bg4 16. Bxg4 Nxg4 17. b4 axb4 18. axb4 Na6 19. c5 b6 20. Nce4 Re6 21. h3 Nh6 22. Qc4 Qa7 23. Rfc1 Rb8 24. Rb2 Nc7 25. Ng5 Rg6 26. Nf3 b5 27. Qb3 Qa4 28. Nxe5 Re6 29. Nf3 Nd5 30. Nd4 Rg6 31. Nge2 Qa6 32. e4 Nf6 33. Ra2 Qc8 34. Qf3 Nd7 35. Nf5 Nxf5 36. exf5 Rh6 37. g4 Be7 38. Nf4 Bg5 39. Kg2 Qc7 40. Qc3 Nf6 41. Ne2 Bxc1 42. Nxc1 Qf4 43. Qe5 Qe4+ 44. f3 Qxe5 45. Bxe5 Rd8 46. g5 Rh5 47. gxf6 Rxf5 48. Bd6 gxf6 49. Rd2 Ra8 50. Nb3 Ra4 51. Na5 Rxb4 52. Nxc6 Rg5+ 53. Kf2 Rc4 54. Ne7+ Kg7 55. c6 Re5 56. Bxe5 fxe5 57. Rd7 Kf6 58. Rb7 1-0

[Event "Petroupoli op 3rd"]
[Site "Petroupoli"]
[Date "2012.03.21"]
[Round "4"]
[White "Pavlis, Antonios"]
[Black "Kagas, Konstantinos"]
[Result "0-1"]
[WhiteElo "1761"]
[BlackElo "2024"]
[PlyCount "48"]
[EventDate "2012.03.10"]
[EventType "swiss"]
[EventRounds "7"]
[EventCountry "GRE"]
[SourceTitle "CBM 147 Extra"]
[Source "ChessBase"]
[SourceDate "2012.04.24"]
[SourceVersion "1"]
[SourceVersionDate "2012.04.24"]
[SourceQuality "1"]

1. e4 c5 2. Nf3 d6 3. d4 cxd4 4. Nxd4 Nf6 5. Nc3 Nc6 6. Be2 Bd7 7. 0-0 g6 8. Kh1 Nxd4 9. Qxd4 Bg7 10. f4 0-0 11. e5 Ng4 12. Bxg4 Bxg4 13. h3 Bf5 14. g4 Bd7 15. Qf2 dxe5 16. fxe5 Bxe5 17. Bf4 Bc6+ 18. Kh2 Qc7 19. Bxe5 Qxe5+ 20. Kg1 Rad8 21. Rae1 Qg5 22. Qxa7 Qh4 23. Qe3 Rd4 24. Ne2 Rxg4+ 0-1

[Event "Petroupoli op 3rd"]
[Site "Petroupoli"]
[Date "2012.03.10"]
[Round "1"]
[White "Kagas, Konstantinos"]
[Black "Forakis, Konstantis"]
[Result "1-0"]
[WhiteElo "2024"]
[BlackElo "1585"]
[PlyCount "101"]
[EventDate "2012.03.10"]
[EventType "swiss"]
[EventRounds "7"]
[EventCountry "GRE"]
[SourceTitle "CBM 147 Extra"]
[Source "ChessBase"]
[SourceDate "2012.04.24"]
[SourceVersion "1"]
[SourceVersionDate "2012.04.24"]
[SourceQuality "1"]

1. e4 c5 2. Nf3 d6 3. c3 Nf6 4. Be2 Nc6 5. d3 a6 6. 0-0 e6 7. Nbd2 Be7 8. Re1 Qc7 9. a4 0-0 10. Bf1 Re8 11. g3 b6 12. Nc4 Bb7 13. Bf4 b5 14. Na3 Qb6 15. axb5 axb5 16. Qb3 b4 17. Nc4 Qc7 18. cxb4 Nxb4 19. Rxa8 Rxa8 20. Bg2 e5 21. Bg5 h6 22. Bd2 Nc6 23. Bc3 Rb8 24. Qa4 Bc8 25. Ra1 Be6 26. Nfd2 Nb4 27. Bf1 Nd7 28. Ne3 Nb6 29. Qd1 d5 30. Bxb4 cxb4 31. Bg2 d4 32. Nd5 Nxd5 33. exd5 Bf5 34. Rc1 Qd7 35. Nc4 Bf6 36. Ra1 Bg4 37. Qe1 Qe7 38. Ra5 Bf5 39. Be4 Bxe4 40. Qxe4 b3 41. d6 Qb7 42. Qxb7 Rxb7 43. Nxe5 Bxe5 44. Rxe5 Rd7 45. Rd5 f6 46. Rxd4 Kf7 47. Kf1 Ke6 48. Ke2 Ra7 49. d7 Rxd7 50. Rxd7 Kxd7 51. Kd2 1-0

[Event "Petroupoli op 7th"]
[Site "Petroupoli"]
[Date "2011.11.16"]
[Round "2"]
[White "Kagas, Konstantinos"]
[Black "Kazalis, Manos"]
[Result "1-0"]
[WhiteElo "2046"]
[BlackElo "1298"]
[PlyCount "47"]
[EventDate "2011.11.12"]
[EventType "swiss"]
[EventRounds "7"]
[EventCountry "GRE"]
[SourceTitle "EXT 2013"]
[Source "ChessBase"]
[SourceDate "2012.11.22"]
[SourceVersion "1"]
[SourceVersionDate "2012.11.22"]
[SourceQuality "1"]

1. e4 e6 2. d4 b6 3. Nc3 d6 4. Nf3 Ne7 5. Be2 Bb7 6. 0-0 Nd7 7. a4 a6 8. Bf4 Ng6 9. Bg3 h5 10. h3 Qe7 11. Bd3 Nf6 12. e5 dxe5 13. Bxg6 fxg6 14. Nxe5 Qd6 15. Nxg6 Qc6 16. d5 exd5 17. Re1+ Kd8 18. Nxh8 Kc8 19. Qf3 Ne4 20. Qxf8+ Kd7 21. Qf7+ Kc8 22. Nxd5 Nd6 23. Ne7+ Kd7 24. Qe6+ 1-0

[Event "Rethymno op 3rd"]
[Site "Rethymno"]
[Date "2011.07.18"]
[Round "9"]
[White "Iordanidou, Zoi"]
[Black "Kagas, Konstantinos"]
[Result "1/2-1/2"]
[WhiteElo "2185"]
[BlackElo "2045"]
[PlyCount "82"]
[EventDate "2011.07.11"]
[EventType "swiss"]
[EventRounds "9"]
[EventCountry "GRE"]
[SourceTitle "CBM 143 Extra"]
[Source "ChessBase"]
[SourceDate "2011.08.29"]
[SourceVersion "1"]
[SourceVersionDate "2011.08.29"]
[SourceQuality "1"]

1. e4 e6 2. d3 d5 3. Nd2 c5 4. Ngf3 Nf6 5. Be2 Nc6 6. 0-0 g6 7. c3 Bg7 8. Qc2 0-0 9. Re1 Qc7 10. Nf1 b6 11. Ng3 Bb7 12. h3 Rac8 13. Nh2 c4 14. dxc4 dxe4 15. Bg5 Ne5 16. Bxf6 Bxf6 17. Nxe4 Bxe4 18. Qxe4 Nxc4 19. Ng4 Bg7 20. Bxc4 Qxc4 21. Qxc4 Rxc4 22. Rad1 Rc7 23. Rd3 Rfc8 24. Red1 Kf8 25. Ne3 b5 26. a3 Ke7 27. g3 a5 28. Nc2 Rb8 29. Rd6 Ra7 30. f4 Rbb7 31. Kf2 Rd7 32. Rxd7+ Rxd7 33. Rxd7+ Kxd7 34. Ke3 Kd6 35. Kd3 e5 36. fxe5+ Bxe5 37. g4 h6 38. Ke4 Bf6 39. Ne1 Bg5 40. Nd3 Bf6 41. Ne1 Bg5 1/2-1/2

[Event "Petroupoli op 3rd"]
[Site "Petroupoli"]
[Date "2011.05.14"]
[Round "3"]
[White "Kagas, Konstantinos"]
[Black "Pavlis, Antonios"]
[Result "1-0"]
[WhiteElo "2035"]
[BlackElo "1746"]
[PlyCount "115"]
[EventDate "2011.05.07"]
[EventType "swiss"]
[EventRounds "7"]
[EventCountry "GRE"]
[SourceTitle "EXT 2012"]
[Source "ChessBase"]
[SourceDate "2011.11.24"]
[SourceVersion "1"]
[SourceVersionDate "2011.11.24"]
[SourceQuality "1"]

1. Nf3 a6 2. d4 b5 3. g3 Bb7 4. Bg2 e6 5. 0-0 Nf6 6. Nbd2 c5 7. dxc5 Bxc5 8. c4 0-0 9. a3 bxc4 10. Nxc4 d5 11. Nce5 Nbd7 12. b4 Ba7 13. Bb2 Ne4 14. Nxd7 Qxd7 15. Ne5 Qe7 16. Bd4 Bxd4 17. Qxd4 Nd6 18. Rfc1 Rac8 19. a4 Nf5 20. Qb2 f6 21. Nd3 Rc4 22. Nc5 Nd6 23. Qb3 Rb8 24. Rab1 Bc8 25. Rxc4 Nxc4 26. Qd3 Ne5 27. Qc2 Nc6 28. Nxa6 Nd4 29. Qd3 Bxa6 30. Qxd4 Bxe2 31. Bf1 Bf3 32. Qf4 e5 33. Qxf3 d4 34. Bc4+ Kh8 35. Qd5 Rd8 36. Qe4 g6 37. a5 f5 38. Qc6 e4 39. Qe6 Qg7 40. a6 h5 41. Qf7 Qe5 42. Qe6 Qg7 43. a7 Ra8 44. Qf7 Rxa7 45. Qxg7+ Kxg7 46. b5 d3 47. b6 Rb7 48. Bd5 Rb8 49. b7 Kf6 50. Kf1 Ke5 51. Bf7 Kd4 52. Ke1 g5 53. Kd2 f4 54. Rb4+ Ke5 55. Bxh5 Kd5 56. Bf7+ Ke5 57. Bg6 fxg3 58. hxg3 1-0

[Event "Mitilini op"]
[Site "Mitilini"]
[Date "2008.07.26"]
[Round "7"]
[White "Kagas, Konstantinos"]
[Black "Karagiannis, Athanasios"]
[Result "0-1"]
[WhiteElo "2132"]
[BlackElo "2357"]
[PlyCount "94"]
[EventDate "2008.07.21"]
[EventType "swiss"]
[EventRounds "9"]
[EventCountry "GRE"]
[SourceTitle "EXT 2010"]
[Source "ChessBase"]
[SourceDate "2010.11.25"]
[SourceVersion "1"]
[SourceVersionDate "2010.11.25"]
[SourceQuality "1"]

1. d4 c5 2. c3 e6 3. Nf3 Nf6 4. Bf4 cxd4 5. cxd4 Qb6 6. Qc2 Nc6 7. e3 Bb4+ 8. Nbd2 d5 9. Bd3 Bxd2+ 10. Qxd2 Nb4 11. 0-0 0-0 12. Rfc1 Nxd3 13. Qxd3 Bd7 14. Ne5 Rfc8 15. Nxd7 Nxd7 16. Qa3 Rc6 17. Rc3 Rac8 18. Rac1 Rxc3 19. Rxc3 Rxc3 20. Qxc3 Qc6 21. Qd2 h6 22. h4 b6 23. f3 h5 24. Kh2 Nf8 25. Bg3 Ng6 26. b3 Ne7 27. Bf4 Nf5 28. Kh3 Qb5 29. Qd1 Qa5 30. Qe2 Qc3 31. g4 hxg4+ 32. fxg4 Nxd4 33. Qd1 e5 34. Bxe5 Qxe3+ 35. Bg3 Ne2 36. Qe1 d4 37. Qf2 Qe4 38. Qg2 f5 39. gxf5 Qxf5+ 40. Kh2 d3 41. Qa8+ Kh7 42. Qe8 Qf3 43. Be5 Nf4 44. Bxf4 Qxf4+ 45. Kh3 Qf3+ 46. Kh2 d2 47. h5 Qf4+ 0-1

[Event "Ambelokipi op 82nd"]
[Site "Athens"]
[Date "2007.11.07"]
[Round "2"]
[White "Mitsakos, Achilles"]
[Black "Kagas, Konstantinos"]
[Result "0-1"]
[WhiteElo "1847"]
[BlackElo "2086"]
[PlyCount "71"]
[EventDate "2007.11.03"]
[EventType "swiss"]
[EventRounds "7"]
[EventCountry "GRE"]
[SourceTitle "EXT 2024"]
[Source "ChessBase"]
[SourceDate "2023.10.10"]
[SourceVersion "1"]
[SourceVersionDate "2023.10.10"]
[SourceQuality "1"]

1. e4 c5 2. c3 d6 3. d4 Nf6 4. dxc5 Nc6 5. Bc4 e6 6. Bg5 h6 7. Bxf6 Qxf6 8. cxd6 Qg6 9. Be2 Qxg2 10. Bf3 Qg6 11. Na3 Ne5 12. Nb5 Kd8 13. Kf1 Bd7 14. a4 Bc6 15. Be2 Bxe4 16. f3 Bd3 17. b3 a6 18. Nd4 Bxd6 19. Nh3 Bxe2+ 20. Qxe2 Rc8 21. Rg1 Qf6 22. Rc1 Bc5 23. Rd1 Ke7 24. Kg2 Rhd8 25. f4 Ng6 26. Qe4 Rd7 27. Kh1 Rcd8 28. f5 Bxd4 29. cxd4 Qxf5 30. Qe3 Rc8 31. Rg2 Qd5 32. Kg1 Rdc7 33. Nf4 Nxf4 34. Qxf4 g5 35. Qe3 Rc3 36. Rd3 0-1

[Event "Ambelokipi op 81st"]
[Site "Athens"]
[Date "2007.10.17"]
[Round "4"]
[White "Draci, Robert"]
[Black "Kagas, Konstantinos"]
[Result "0-1"]
[WhiteElo "2228"]
[BlackElo "2152"]
[PlyCount "102"]
[EventDate "2007.10.06"]
[EventType "swiss"]
[EventRounds "6"]
[EventCountry "GRE"]
[SourceTitle "EXT 2008"]
[Source "ChessBase"]
[SourceDate "2007.11.25"]
[SourceVersion "1"]
[SourceVersionDate "2007.11.25"]
[SourceQuality "1"]

1. e4 c5 2. Nf3 Nc6 3. d4 cxd4 4. Nxd4 g6 5. Nc3 Bg7 6. Be3 Nf6 7. Bc4 0-0 8. Bb3 d6 9. f3 Bd7 10. Qd2 Rc8 11. Nxc6 bxc6 12. Ne2 c5 13. c4 a5 14. Nc3 Rb8 15. Rb1 Qb6 16. 0-0 Qb4 17. Qc2 Bc6 18. Nb5 a4 19. Bd2 axb3 20. axb3 Rxb5 21. Bxb4 Rxb4 22. Ra1 Rfb8 23. Ra3 Ne8 24. Rfa1 Nc7 25. Ra7 Ne6 26. Rxe7 Rxb3 27. Qd2 Bd4+ 28. Kh1 Rxb2 29. Qc1 R2b4 30. Rea7 Bxa1 31. Rxa1 Nd4 32. h4 Nb3 33. Qf4 Nxa1 34. h5 h6 35. Qxd6 R4b6 36. hxg6 Be8 37. gxf7+ Bxf7 38. Qxc5 Nb3 39. Qc7 Nd4 40. c5 Rb1+ 41. Kh2 Ne6 42. Qg3+ Kh7 43. Qe5 Rc8 44. Qf5+ Kg8 45. e5 Rb4 46. g3 Rxc5 47. f4 Rb2+ 48. Kh3 Rcc2 49. Qe4 Ng5+ 50. fxg5 Be6+ 51. g4 Rc3+ 0-1

[Event "Ambelokipi op 81st"]
[Site "Athens"]
[Date "2007.10.06"]
[Round "1"]
[White "Kagas, Konstantinos"]
[Black "Andrikopoulou, Efstathia"]
[Result "1/2-1/2"]
[WhiteElo "2152"]
[BlackElo "1575"]
[PlyCount "101"]
[EventDate "2007.10.06"]
[EventType "swiss"]
[EventRounds "6"]
[EventCountry "GRE"]
[SourceTitle "EXT 2008"]
[Source "ChessBase"]
[SourceDate "2007.11.25"]
[SourceVersion "1"]
[SourceVersionDate "2007.11.25"]
[SourceQuality "1"]

1. e4 c5 2. Nf3 e6 3. d3 Nc6 4. Nbd2 d5 5. g3 g6 6. Bg2 Bg7 7. 0-0 Nge7 8. c3 0-0 9. Re1 Re8 10. h4 e5 11. a4 Bg4 12. Qc2 Rc8 13. Nf1 d4 14. N1h2 Bd7 15. Ng5 h6 16. Nh3 Be6 17. f4 Qd7 18. Nf2 f5 19. Nf3 Qc7 20. Kh2 Kh8 21. Bd2 Ng8 22. Rac1 Qb6 23. c4 Bd7 24. fxe5 Nxe5 25. a5 Qd8 26. Ra1 fxe4 27. Nxe4 Bf5 28. Bf4 Ng4+ 29. Kh1 Bxe4 30. dxe4 Ne5 31. Nxe5 Bxe5 32. Qd2 Qd6 33. Rf1 Kg7 34. Ra3 Rf8 35. Raf3 Qe6 36. b3 Rce8 37. Qf2 Nf6 38. Bxe5 Qxe5 39. Rf4 Rf7 40. Qf3 Ref8 41. Bh3 Qe7 42. Qd3 Nh5 43. Rxf7+ Rxf7 44. Rxf7+ Qxf7 45. Kg2 Qc7 46. a6 bxa6 47. Bg4 Nf6 48. Bf3 Qe5 49. Qe2 Nd7 50. Qd3 Nf6 51. Qe2 1/2-1/2

[Event "Ambelokipi op 80th"]
[Site "Athens"]
[Date "2007.09.22"]
[Round "5"]
[White "Michailidis, Dimitrios"]
[Black "Kagas, Konstantinos"]
[Result "0-1"]
[WhiteElo "1933"]
[BlackElo "2152"]
[PlyCount "76"]
[EventDate "2007.09.08"]
[EventType "swiss"]
[EventRounds "7"]
[EventCountry "GRE"]
[SourceTitle "EXT 2008"]
[Source "ChessBase"]
[SourceDate "2007.11.25"]
[SourceVersion "1"]
[SourceVersionDate "2007.11.25"]
[SourceQuality "1"]

1. e4 c5 2. Nf3 Nc6 3. d4 cxd4 4. Nxd4 g6 5. Be3 Bg7 6. Be2 Nf6 7. Nc3 0-0 8. Qd2 d5 9. Nxc6 bxc6 10. exd5 Nxd5 11. Nxd5 Qxd5 12. Qxd5 cxd5 13. 0-0-0 Rd8 14. h4 h5 15. Bc5 Bf5 16. Bd3 Bxd3 17. Rxd3 e5 18. Rhd1 d4 19. f3 f5 20. Re1 Kf7 21. Ra3 a5 22. Rb3 Rdb8 23. Kd2 a4 24. Rxb8 Rxb8 25. b3 axb3 26. axb3 Ra8 27. Kd3 Ke6 28. Kc4 Ra2 29. Re2 Kd7 30. b4 Bf6 31. g3 Ra3 32. Rf2 Ke6 33. b5 Rc3+ 34. Kb4 Kd5 35. Bf8 Bd8 36. Bg7 Be7+ 37. Ka5 Ra3+ 38. Kb6 Bc5+ 0-1